000 00994nas a2200313 4500
001 BR0300319
003 BR-BrBNA
005 20231205103511.0
007 ta
008 230509b bl.|||p| |||| 00| 00por d
040 _aBR-BrBNA
_bpor
_cBiblioteca Nacional de Agricultura
041 _a(Pt)
072 _aF30
100 1 _aMedeiros, N.R. de
100 1 _aMann, R.S.
100 1 _aVichiato, M.
100 1 _aPasqual, M.
245 1 _aUso de marcadores isoenzimáticos na identificação de poliembriões do 'citravo' (Citrus limonia Osb. x Poncirus trifoliata (L.)Taf.)
650 _aFRUTA CÍTRICA
650 _aLIMÃO CRAVO
650 _aLIMOEIRO TRIFOLIADO
650 _aPOLIEMBRIONIA
650 _aPORTA ENXERTO
650 _aHIBRIDAÇÃO
650 _aMELHORAMENTO GENÉTICO VEGETAL
773 0 _tCiência e Agrotecnologia (Brazil)
_xISSN 1413-7054
_g(Apr-Jun 2000), v. 24(2) p. 409-416
_wBR0300319
909 _a202311
_bLúcia
_c55
_dLúcia Elande
942 _2AGRIS
_n0
_cANA
999 _c173203
_d173203